| 000 | 004650000a22001810004500 | ||
|---|---|---|---|
| 003 | MACL | ||
| 005 | 20160113125732.0 | ||
| 008 | 160113b xxu||||| |||| 00| 0 eng d | ||
| 040 |
_aMACL _cMACL |
||
| 041 | _aEnglish | ||
| 082 | _a954/RAO | ||
| 100 |
_aRao, H S Gururaj _931711 |
||
| 245 | _aLegal Aspects of The Kashmir Problem | ||
| 260 |
_bAsia Publishing House _c1967 _aNew Delhi |
||
| 350 | _a30 | ||
| 650 |
_aIndian History _9227 |
||
| 942 |
_cBK _k954/RAO _2ddc |
||
| 999 |
_c35926 _d35926 |
||